书目信息 |
| 题名: |
汉魏六朝文译释
|
|
| 作者: | 裴晋南 , 李漱卿 编著 | |
| 分册: | ||
| 出版信息: | 哈尔滨 黑龙江人民出版社 1983 |
|
| 页数: | 341页 | |
| 开本: | 21cm | |
| 丛书名: | ||
| 单 册: | ||
| 中图分类: | I263.4 , I207.62 | |
| 科图分类: | ||
| 主题词: | 古典散文--注释--中国--两汉时代--选集 , 古典散文--中国--魏晋南北朝时代--选集 , 文学--中国 | |
| 电子资源: | ||
| ISBN: | ||
| 000 | 00843nam0 2200289 45 | |
| 001 | 0183001780 | |
| 005 | 20040418140705.5 | |
| 010 | @dCNY1.10 | |
| 091 | @a10093.509 | |
| 100 | @a19950522d1983 em y0chiy0121 ea | |
| 101 | 0 | @achi |
| 102 | @aCN@b230000 | |
| 105 | @ay z 000cy | |
| 106 | @ar | |
| 200 | 10 | @a汉魏六朝文译释@Ahan wei liu chao wen yi shi@f裴晋南, 李漱卿编著 |
| 210 | @a哈尔滨@c黑龙江人民出版社@d1983 | |
| 215 | @a341页@d21cm | |
| 606 | @a古典散文@x注释@y中国@z两汉时代@x选集 | |
| 606 | @a古典散文@y中国@z魏晋南北朝时代@x选集 | |
| 606 | 0 | @a文学@x中国 |
| 690 | @aI263.4@v3 | |
| 690 | @aI207.62 | |
| 701 | 0 | @a裴晋南@Apei jin nan@4编著 |
| 701 | 0 | @a李漱卿@Ali shu qing@4编著 |
| 801 | 0 | @aCN@b上海图书馆@c20040418 |
| 801 | 2 | @aCN@bNLC@c20040418 |
| 905 | @f2@b176854-855@f1@b176853@f2@b101770-771@dI207.62@e111 | |
| 汉魏六朝文译释/裴晋南, 李漱卿编著.-哈尔滨:黑龙江人民出版社,1983 |
| 341页;21cm |
| ISBN :CNY1.10 |
| ● |
| 相关链接 |
|
|
|
|
正题名:汉魏六朝文译释
索取号:I207.62/111
 
预约/预借
| 序号 | 登录号 | 条形码 | 馆藏地/架位号 | 状态 | 备注 |
| 1 | 0101770 | 000529707 | 密集书库/ [索取号:I207.62/111] | 在馆 | |
| 2 | 0101771 | 000529663 | 密集书库/ [索取号:I207.62/111] | 在馆 | |
| 3 | 0101772 | 000529761 | 第一样本阅览室/ [索取号:I207.62/111] | 在馆 | |
| 4 | 0176853 | 000529654 | 密集书库/ [索取号:I207.62/111] | 在馆 | |
| 5 | 0176854 | 000529725 | 密集书库/ [索取号:I207.62/111] | 在馆 | |
| 6 | 0176855 | 000529716 | 第二借阅区/ [索取号:I207.62/111] | 在馆 |